Survey methods in social investigation (Record no. 80842)

MARC details
000 -LEADER
fixed length control field 00900nam a2200205 a 4500
008 - FIXED-LENGTH DATA ELEMENTS--GENERAL INFORMATION
fixed length control field 120416s1971 ||||||||||||||||| || u
020 ## - INTERNATIONAL STANDARD BOOK NUMBER
International Standard Book Number 0435826042
050 ## - LIBRARY OF CONGRESS CALL NUMBER
Classification number HN 29 Mos
100 ## - MAIN ENTRY--PERSONAL NAME
Personal name Moser, Claus
245 10 - TITLE STATEMENT
Title Survey methods in social investigation
250 ## - EDITION STATEMENT
Edition statement 2nd ed.
260 ## - PUBLICATION, DISTRIBUTION, ETC.
Place of publication, distribution, etc. London
Name of publisher, distributor, etc. Heinemann Educational
Date of publication, distribution, etc. [1971(1983)]
300 ## - PHYSICAL DESCRIPTION
Extent xvii, 555p. : ill.
350 ## -
-- 0.00
650 #0 - SUBJECT ADDED ENTRY--TOPICAL TERM
Topical term or geographic name entry element SURVEYING
700 ## - ADDED ENTRY--PERSONAL NAME
Personal name Kalton, G.A
995 ## -
-- BINDERY (DAMAGED)
-- 0.00
-- 707363
-- CBU-MAIN LIBRARY (Kitwe)
-- 1
-- 0.00
-- HN 29 Mos
-- 3
-- DAMAGED
-- 018929
-- Main Library Open Access Collection
995 ## -
-- BINDERY (DAMAGED)
-- 0.00
-- 707364
-- CBU-MAIN LIBRARY (Kitwe)
-- 3
-- 0.00
-- HN 29 Mos
-- 1
-- DAMAGED
-- 008891
-- Main Library Open Access Collection
995 ## -
-- ANNEX COLLECTION (Main Library)
-- 0.00
-- 706592
-- CBU-MAIN LIBRARY (Kitwe)
-- 2
-- 0.00
-- HN 29 Mos
-- 2
-- AVAILABLE
-- 008892
-- Annex Low-Usage Collection
999 ## -
-- 80842
-- 80842
Holdings
Withdrawn status Lost status Source of classification or shelving scheme Damaged status Not for loan Permanent Location Current Location Shelving location Date acquired Total Checkouts Full call number Barcode Date last seen Copy number Price effective from Koha item type
          CBU-MAIN LIBRARY, KITWE. CBU-MAIN LIBRARY, KITWE.   07/11/2023   HN 29 Mos 018929 07/11/2023 1 07/11/2023 MONOGRAPH
          CBU-MAIN LIBRARY, KITWE. CBU-MAIN LIBRARY, KITWE.   07/11/2023   HN 29 Mos 008891 07/11/2023 2 07/11/2023 MONOGRAPH
          CBU-MAIN LIBRARY, KITWE. CBU-MAIN LIBRARY, KITWE.   07/11/2023   HN 29 Mos 008892 07/11/2023 3 07/11/2023 MONOGRAPH